Fast typing - "This Is How Our Bodies Are Made to Apologize" - Statistics

General Stats
  • This quiz has been taken 9 times
  • The average score is 7 of 10
Answer Stats
Hint Answer % Correct
Grip tape, German ball bearings, Indy wheels, and Shorty hardware with a grip tape cut so clean the corner barber woulda looked twice. Grip tape, German ball bearings, Indy wheels, and Shorty hardware with a grip tape cut so clean the corner barber woulda looked twice.
100%
I had my hat on backwards. I had my hat on backwards.
100%
It was just me and him on the morning and afternoon shift. It was just me and him on the morning and afternoon shift.
100%
I was the girl who worked behind the counter at the skate shop. I was the girl who worked behind the counter at the skate shop.
100%
I wore thin worn polo shirts I bought at the thrift store, 'cause the vintage polyester hung different, and thin white cotton bras that I didn't know didn't always hide the dark outline of my areolas. I wore thin worn polo shirts I bought at the thrift store, 'cause the vintage polyester hung different, and thin white cotton bras that I didn't know didn't always hide the dark outline of my areolas.
100%
Never stepped on a skateboard, but could put one together like one of the boys. Never stepped on a skateboard, but could put one together like one of the boys.
100%
My men's size 33 Girbauds hung just right on my ass and my black-and-white Airwalks had just got a new pair of extra-wide fat laces. My men's size 33 Girbauds hung just right on my ass and my black-and-white Airwalks had just got a new pair of extra-wide fat laces.
50%
He approached me from down the counter, walked over to where I was to grab a wrench, and looked down my shirt. He approached me from down the counter, walked over to where I was to grab a wrench, and looked down my shirt.
0%
He stood in front of me, the wall of wrenches and shoelaces and skateboards behind me, and I had nowhere to go. He stood in front of me, the wall of wrenches and shoelaces and skateboards behind me, and I had nowhere to go.
0%
I can see through it, he said and brushed my breast, and as his hand came back down I cringed and my shoulders shot forward, chest caving in on itself like a rose blooming inward. I can see through it, he said and brushed my breast, and as his hand came back down I cringed and my shoulders shot forward, chest caving in on itself like a rose blooming inward.
0%
No matching quizzes found
Score Distribution
Percent of People with Each Score
Percentile by Number Answered
Your Score History
You have not taken this quiz